=LDR 00000nam 2200000 4500 =001 INLIS000000000033431 =005 20130612135403 =008 ***********************************ind** =035 ##$$0010-061300000033431 =041 ##$$a ind =082 ##$$a 636.293 =090 ##$$a 636.293, Ruk b =100 ##$$a Rukmana, Rahmat. H =245 ##$$a Beternak kerbau potensi dan analisis usaha, H. rahmat rukmana =260 ##$$a 2003 $b Semarang =300 ##$$a vi,50 hlm, Ilus, 21 cm =650 ##$$a Kerbau =850 ##$$a NBPNMAT =990 ##$$a 0001/BPAP-NTB/2015 =990 ##$$a 0001/BPAP-NTB/2016 =990 ##$$a 0001/BPAP-NTB/2016 =990 ##$$a 0001/BPAP-NTB/2016 =990 ##$$a 0001/BPAP-NTB/2016 =990 ##$$a 0001/BPAP-NTB/2016